Dicey's Conflict of Laws / (Record no. 939)

MARC details
000 -LEADER
fixed length control field 00510nam a22001697a 4500
005 - DATE AND TIME OF INPUT
control field 20231124103647.0
008 - DATA ELEMENTS--GENERAL INFORMATION
fixed length control field 231124b |||||||| |||| 00| 0 eng d
041 ## - LANGUAGE CODE
Language code of text English
082 ## - SHELF NUMBER
DDC number 340.9 DIC
100 ## - MAIN AUTHOR
Main author's name Morris, JHC
Language of a work English
245 ## - TITLE STATEMENT
Title Dicey's Conflict of Laws /
Statement of responsibility, etc. JHC Morris
250 ## - EDITION STATEMENT
Edition statement Seventh Edition
260 ## - PUBLICATION, DISTRIBUTION, ETC.
Place of publication, distribution, etc. London :
Name of publisher, distributor, etc. Stevens and Sons Limited,
Date of publication, distribution, etc. 1958
300 ## - PHYSICAL DESCRIPTION
Other physical details cxxiv, 1180 pages ;
Dimensions 26 cm.
650 ## - SUBJECT`
Broad subject Legal practice
Own subject terms Law
942 ## - ADDED ENTRY ELEMENTS (KOHA)
Item type Books
942 ## - ADDED ENTRY ELEMENTS (KOHA)
-- 340_900000000000000_DIC
Holdings
Source of classification or shelving scheme Not for loan Collection code Home library Current library Shelving location Date acquired Full call number Barcode Price effective from Koha item type
Dewey Decimal Classification   TEXT BOOKS LAW SOCIETY OF NAMIBIA LIBRARY - WINDHOEK LAW SOCIETY OF NAMIBIA LIBRARY - WINDHOEK International law and private international law 11/24/2023 340.9 DIC LSN/1988/41 11/24/2023 Books